000 00664nam a2200181Ia 4500
008 100921s9999 xx 000 0 und d
082 _b18631
_a808.068 थ 82
100 _aश्रोत्री निशिकांत.
245 _aसुवर्णपुष्कराज.
260 _bराजेंद्र प्रकाशन, पुणे.
_c1982
300 _a38
_b---
365 _b4
520 _aललित-बालवाङ्रमय.
630 _aसुवर्णपुष्कराज.
650 _aललित-बालवाङ्रमय.
730 _aसुवर्णपुष्कराज.
942 _cBOOK
999 _c767744
_d767741